000 01227nam a2200229Ia 4500
001 19433
003 GE_BSU
008 181216s||||||||xx |||||||||||||| ||und||
040 _cGE_BSU
080 _a81'(063)
245 _aიბერიულ-კავკასიური ენათმეცნიერება XIX = иберийско-кавказкое языкознание=IVERO-CAUCASIA
245 _cრედ: არნ.ჩიქობავა
260 _aთბილისი
260 _bმეცნიერება
260 _c1974
300 _a320გვ;24სმ.
541 _h4ლ.80თ.
653 _aენათმეცნიერება
653 _aკრებულში დაბეჭდილია გამოკვლევები თანამედროვე ზოგადი ენათმეცნიერების,ქართველური და მთის იბერიულ-კავკასიურ ენათა გრამატიკული სტრუქტურისა და ისტორიის აქტუალური საკითხები.
653 _aქართული ენა
942 _cBK
999 _c52413
_d52413